Máximos goleadores en la historia - Estadísticas

Estadísticas generales
  • Esta prueba ha sido intentada 491 veces
  • La puntuación promedio es 6 de 10
Estadísticas de respuestas
Goles Jugadores % Correcto
783 (0.73) Cristiano Ronaldo
100%
748 (0.80) Messi
100%
757 (0.92) Pelé
96%
706 (0.99) Puskás
59%
681 (0.9) Muller
53%
743 (0.77) Romário
53%
805 (1.52) Bican
44%
564 (0.59) Ibrahimovic
38%
545 (0.91) Eusébio
20%
647 (1.05) Jones
8%
No se encontraron pruebas coincidentes
Distribución de puntuación
Porcentaje de gente con cada puntuación
Porcentaje por número respondido
Historial de tus puntuaciones
No has intentado esta prueba.